000 00759nam a2200241Ia 4500
003 OSt
005 20220927105026.0
006 a|||||r|||| 00| 0
007 ta
008 220926b |||||||| |||| 00| 0 eng d
024 _a187645
037 _cReference Collections
040 _aRTL
_cRTL
_beng
041 _2eng
_aeng
082 _a"X9(M7).2.N62r, K2/GD"
110 _aJAYA SHREE TEXTILES AND INDUSTRIES LTD.
_9369590
245 0 _aAnnual report and accounts 1962
260 _aWest
_bBengal Jaya Shree Textiles and Industries Ltd.
_c1962
300 _a28p
_ccm.
700 _aJAYA SHREE TEXTILES AND INDUSTRIES LTD.
_9369591
942 _h"X9(M7).2.N62r, K2/GD"
_cCC
999 _c690306
_d690306